Transnational management text, cases, and readings in cross-border management
Salvato in:
| Autore principale: | |
|---|---|
| Altri autori: | , |
| Natura: | Libro |
| Lingua: | inglese |
| Pubblicazione: |
New York
McGraw-Hill
2008
|
| Edizione: | 5th ed. |
| Soggetti: | |
| Tags: |
Nessun Tag, puoi essere il primo ad aggiungerne!!
|
MARC
| LEADER | 00000nam a2200000 4500 | ||
|---|---|---|---|
| 001 | 0127640 | ||
| 005 | 20240311125659.1 | ||
| 020 | |a 978-007-125915-6 | ||
| 041 | 0 | |a eng | |
| 044 | |a US | ||
| 245 | 1 | 0 | |a Transnational management |b text, cases, and readings in cross-border management |c Christopher A. Bartlett, Sumantra Ghoshal, Paul W. Beamish |
| 250 | |a 5th ed. | ||
| 264 | 1 | |a New York |b McGraw-Hill |c 2008 | |
| 300 | |a 822 s. | ||
| 610 | 2 | 0 | |a podnik multinacionálny |
| 610 | 2 | 0 | |a spolupráca cezhraničná |
| 610 | 2 | 0 | |a riadenie podnikové |
| 610 | 2 | 0 | |a stratégia podniková |
| 100 | 1 | |a Bartlett, Christopher A. | |
| 700 | 1 | |a Ghoshal, S. | |
| 700 | 1 | |a Beamish, Paul W. | |